000 00520nam a2200181Ia 4500
999 _c36872
_d36872
003 OSt
005 20210123102912.0
008 190216s9999||||xx |||||||||||||| ||und||
020 _a9780070660366
040 _coclc
082 _a530
_bBAJ/C
100 _aBajaj, N K
_98395
245 0 _aComplete Physics For AIEEE /
_cN K Bajaj
260 _bTata Mcgraw Hill Publishing Company Ltd,
_c2008.
_aNew Delhi:
300 _a974p
650 _aReferences
942 _cREF
_2ddc
_h530
_iBAJ/C
_k530
_mBAJ/C